000 01074nam a22003617a 4500
001 0036821
003 KOHA_MİRAKIL
005 20260207003018.0
007 ta
008 120430b2008 tu a|||gr||||#||||0|tur |
020 _a9789758322282
040 _aTR-BiSEU
_btur
_cTR-BiSEU
_erda
041 0 _atur
044 _ctu
050 _aRA784
_b.E56 2008
100 1 _aElmacıoğlu, Funda.
245 1 _aAnne ve bebek beslenmesi/
_cFunda Elmacıoğlu ; Funda Elmacıoğlu.
264 1 _aAnkara :
_bHatiboğlu
_c2008
300 _a138 sayfa :
_bres. ;
_c24 cm.
336 _ametin
_btxt
_2rdacontent
337 _aaracısız
_bn
_2rdamedia
338 _acilt
_bnc
_2rdacarrier
490 1 _aHatiboğlu Yayınları ;
_v146.
490 1 _aKaynak Kitap Dizisi ;
_v26 .
500 _aKaynakça var.
650 0 _aBeslenme.
_91530
650 0 _aNutrition.
_92956
650 0 _aAnne ve bebek.
_969565
650 0 _aMaternal and infant.
_969566
830 1 _aHatiboğlu Yayınları ;
_v146.
_97057
830 1 _aKaynak Kitap Dizisi ;
_v26 .
_969551
942 _2lcc
_cBK
999 _c36707
_d36707